| 000 | 00425nam a2200181Ia 4500 | ||
|---|---|---|---|
| 005 | 20250425161136.0 | ||
| 008 | 250425s9999 xx 000 0 und d | ||
| 041 | _aeng | ||
| 082 | _a671.2 | ||
| 100 | _aFLINN, RICHARD A. | ||
| 245 | 0 | _aFUNDAMENTALS OF METAL CASTING | |
| 250 | _a1ST ED. | ||
| 260 |
_aEstados Unidos _bADDISON - WESLEY _c1963 |
||
| 260 | _aREADING | ||
| 300 | _a324 | ||
| 942 | _c01 | ||
| 010 | _a13630 | ||
| 999 |
_c203266 _d203266 |
||